| 000 | 02180nam a2200553 a 4500 | ||
|---|---|---|---|
| 005 | 20240514104752.0 | ||
| 008 | 100312t2014||||mx a f |||| 001 0 spa d | ||
| 020 | _a9786073222372 | ||
| 041 | _aspa | ||
| 092 |
_c540 _l71 _sQUI |
||
| 245 |
_aQuímica. _bLa ciencia central / _cTheodore L. Brown |
||
| 250 | _a12a ed. en español de la 12a ed. en inglés | ||
| 260 |
_aMéxico: _bPearson; _c2014. |
||
| 300 |
_a1200 p. _c21.5 x 27.5 cm. |
||
| 500 | _aBrown, T. L. et al. (2009). Química. La ciencia central. (12a ed.). México : Pearson. | ||
| 653 | _aMateria y medición | ||
| 653 | _aAtomos, moléculas y iones | ||
| 653 | _aEstequiometría: calculos con formulas y ecuaciones químicas | ||
| 653 | _aReacciones en disoluciones acuosas | ||
| 653 | _aTermoquímica | ||
| 653 | _aEstructura electrónica de los átomos | ||
| 653 | _aPropiedades periódicas de los elementos | ||
| 653 | _aConceptos básicos de los enlaces químicos | ||
| 653 | _aGeometría molecular y teorías de enlace | ||
| 653 | _aGases | ||
| 653 | _aLíquidos y fuerzas intermoleculares | ||
| 653 | _aSólidos y nuevos materiales | ||
| 653 | _aPropiedades de las disoluciones | ||
| 653 | _aCinética química | ||
| 653 | _aEquilibrio químico | ||
| 653 | _aEquilibrios ácido-base | ||
| 653 | _aAspectos adicionales del equilibrio acuoso | ||
| 653 | _aQuímica del medio ambiente | ||
| 653 | _aTermodinámica química | ||
| 653 | _aElectroquímica | ||
| 653 | _aQuímica nuclear | ||
| 653 | _aQuímica de los no metales | ||
| 653 | _aMetales de transicion y la química de coordinación | ||
| 653 | _aQuímica de la vida: quimica orgánica y biológica | ||
| 653 | _aApéndices: Operaciones matemáticas. Propiedades del agua. Cantidades termodinámicas para determinadas sustancias a 298.15 K (25º). Constantes de equilibrio acuoso. Potenciales de reducción estándar a 25º C. | ||
| 700 | 1 |
_aBrown, Theodore L. _9522 |
|
| 700 | 1 |
_aLeMay, H. Eugene _cJr. _9523 |
|
| 700 | 1 |
_aBursten, Bruce E. _9524 |
|
| 700 | 1 |
_aMurphy, Catherine J. _9525 |
|
| 700 | 1 |
_aWoodward, Patrick _eColaborador _9526 |
|
| 930 | _a2035 | ||
| 930 | _a2036 | ||
| 942 |
_2ddc _cBK |
||
| 999 |
_c2239 _d2239 |
||